[Event "London Classic CSC op U2000 7th"]
[Site "London"]
[Date "2015.12.05"]
[Round "2"]
[White "Pein, Jonathan"]
[Black "Valencia Escobar, Edwin"]
[Result "1-0"]
[WhiteElo "1827"]
[BlackElo "1953"]
[PlyCount "111"]
[EventDate "2015.12.04"]
[EventType "swiss"]
[EventRounds "5"]
[EventCountry "ENG"]
[SourceTitle "CBM 169 Extra"]
[Source "ChessBase"]
[SourceDate "2015.12.18"]
[SourceVersion "1"]
[SourceVersionDate "2015.12.18"]
[SourceQuality "1"]

1. e4 e5 2. Nf3 Nc6 3. Bb5 f5 4. d4 fxe4 5. Nxe5 Nf6 6. Bg5 Qe7 7. Ng4 Qb4+ 8. c3 Qxb5 9. Nxf6+ Kf7 10. Nxe4 Qf5 11. Qf3 Qxf3 12. gxf3 d5 13. Ng3 Bd6 14. Nd2 Re8+ 15. Be3 Ne7 16. 0-0-0 Nf5 17. Rde1 g6 18. Nxf5 Bxf5 19. Nf1 Bh3 20. Rg1 c6 21. Ng3 b5 22. Ne2 b4 23. Bf4 Rxe2 24. Bxd6 Rae8 25. Rxe2 Rxe2 26. Bxb4 Bf5 27. a4 Rc2+ 28. Kd1 Rxb2 29. Re1 Bd7 30. Re2 Rb1+ 31. Kd2 Rh1 32. Bc5 Rxh2 33. Bxa7 Rh1 34. Re1 Rxe1 35. Kxe1 h5 36. Bb8 h4 37. a5 Bc8 38. Ke2 Ke6 39. Ke3 Kf5 40. Bh2 g5 41. Be5 Ba6 42. Bh2 g4 43. Bc7 Bb5 44. Bd8 h3 45. Bc7 Ba6 46. Bh2 Bb5 47. fxg4+ Kxg4 48. f3+ Kf5 49. Kd2 Ke6 50. Kc2 Kd7 51. Kb3 Be2 52. f4 Ke6 53. Kb4 Kf5 54. Kc5 Kg4 55. Kxc6 Kf3 56. f5 1-0